Femmes politiques françaises du XXIe siècle - Statistiques

Statistiques générales
  • Ce quiz a été pris 107 fois
  • Le résultat moyen est 11 sur 16
Statistiques - réponses
Par images Réponse % Correct
Marine Le Pen
100%
Rachida Dati
96%
Valérie Pécresse
95%
Elisabeth Borne
91%
Christiane Taubira
85%
Rima Hassan
76%
Mathilde Panot
75%
Marlène Schiappa
70%
Yaël Braun-Pivet
70%
Nadine Morano
67%
Clémentine Autain
64%
Najat Vallaud-Belkacem
64%
Eva Joly
63%
Clémence Guetté
51%
Christine Boutin
47%
Cécile Duflot
37%
Aucun quiz correspondant
Distribution des résultats
% des personnes avec chaque résultat
Percentile par nombre de réponses
Votre historique - résultats
Vous n’avez pas pris ce quiz